Ασκήσεις Μικροοικονομικής Θεωρίας (Record no. 4083)
[ view plain ]
| 000 -LEADER | |
|---|---|
| fixed length control field | 01880cam a22002054a 4500 |
| 005 - ΗΜΕΡΟΜΗΝΙΑ ΚΑΙ ΩΡΑ ΤΕΛΕΥΤΑΙΑΣ ΕΝΗΜΕΡΩΣΗΣ | |
| Πεδίο ελέγχου | 20250605164136.0 |
| 008 - FIXED-LENGTH DATA ELEMENTS--GENERAL INFORMATION | |
| Πεδίο ελέγχου σταθερού μήκους | 250528s ||||||||||||||||||||||||d |
| 035 ## - SYSTEM CONTROL NUMBER | |
| System control number | 18767 |
| 020 ## - ISBN | |
| ISBN | 9603513539 |
| 040 ## - ΠΗΓΗ ΚΑΤΑΛΟΓΟΓΡΑΦΗΣΗΣ | |
| Φορέας πρωτότυπης καταλογογράφησης | MC Athens Campus Library |
| Γλώσσα καταλογογράφησης | Ελληνικά, Μοντέρνα (1453-) |
| Modifying agency | MC Athens Campus Library |
| Κανόνες περιγραφικής καταλογογράφησης | AACR2 |
| 245 1# - ΤΙΤΛΟΣ ΚΑΙ ΔΗΛΩΣΗ ΥΠΕΥΘΥΝΟΤΗΤΑΣ | |
| Τίτλος | Ασκήσεις Μικροοικονομικής Θεωρίας |
| 250 ## - EDITION STATEMENT | |
| Edition statement | 1η |
| 260 ## - PUBLICATION, DISTRIBUTION, ETC. | |
| Name of publisher, distributor, etc. | Σταμούλης Α, |
| Date of publication, distribution, etc. | 2001 |
| 300 ## - PHYSICAL DESCRIPTION | |
| Extent | 448 |
| 520 ## - SUMMARY, ETC. | |
| Summary, etc. | Πρόλογος, Θεωρία Συμπεριφοράς Καταναλωτή: Ζήτηση Αγορών, Θεωρία Χρησιμότητας, Θεωρία Συμπεριφοράς του Καταναλωτή (Θεωρία Ζήτησης), Ελαστικότητες και Θεωρία Προόδου, Ισορροπία στην Αγορά Αγαθού, Θεωρία Παραγωγής και Κόστους: Ανάλυση Προσφοράς, Παραγωγή με Δύο Μεταβλητές Εισροές - Διαδικασία Μεγιστοποίησης της Παραγωγής, Θεωρία Κόστους, Μορφές Αγοράς των Αγαθών, Θεωρία Ελεύθερου Ανταγωνισμού - Μονοπωλίου - Μονοπωλιακού Ανταγωνισμού - Ολιγοπωλίου, Θεωρία Άριστης Κατανομής - Θεωρία Οικονομικής Ευημερίας - Θεωρία Γενικής Ισορροπίας, Θεωρία Διανομής, Η Ανάλυση (Θεωρία) της Διανομής με Βάση τη Θεωρία της Οριακής Παραγωγικότητας σε Καθεστώς τελείως Ανταγωνιστικών Αγορών και Ατελώς Ανταγωνιστικών Αγορών, Ερωτήσεις, Βιβλιογραφία. |
| 700 1# - ΠΡΟΣΘΕΤΗ ΑΝΑΓΡΑΦΗ--ΦΥΣΙΚΟ ΠΡΟΣΩΠΟ | |
| Personal name | Παλαιολόγος Γιάννης |
| 9 (RLIN) | 5013 |
| 942 ## - ADDED ENTRY ELEMENTS (KOHA) | |
| Koha item type | Books |
| Τύπος τεκμηρίου | Βιβλιοθήκη | Τρέχουσα τοποθεσία | Barcode | Αριθμός εισαγωγής | Ημερομηνία απόκτησης | Ταξιθετικό σύμβολο | Αριθμός αντιτύπου | Κατάσταση απόσυρσης | Κατάσταση χαμένου | Κατάσταση κατεστραμμένου | Μη δανεισμός | Σύνολο δανεισμών | Ημερομηνία τελευταίας εμφάνισης | Η τιμή ισχύει από |
|---|---|---|---|---|---|---|---|---|---|---|---|---|---|---|
| Books | MC Athens Campus Library | MC Athens Campus Library | 9780000040824 | 3677 | 05/06/2025 | 338.5 PAL | 1 | 05/06/2025 | 05/06/2025 |